| 000 | 00333nab a22001097u 4500 | ||
|---|---|---|---|
| 008 | 130520b1992 xxu||||| |||| 00| 0 spa d | ||
| 041 | _aspa | ||
| 100 | 1 |
_aGonzález Radio, Vicente _969793 |
|
| 245 | 0 | 0 |
_aEl político _cVicente González Radio |
| 773 | 0 |
_tReligión y Cultura _gV.38,1992,págs. 601-610 _x0212-5838 _wRev345 |
|
| 942 | _cAR | ||
| 999 |
_c397357 _d397357 |
||